000 00222nam a22000857a 4500
008 161119b xxu||||| |||| 00| 0 eng d
100 _91283
_aDisney.W.
245 _aAnimals and their Babies-Vol5
260 _aNewyork
_bBantam
_c1983
999 _c3987
_d3987